| 000 | 00754nam a2200217Ii 4500 | ||
|---|---|---|---|
| 003 | JO-AjNU | ||
| 008 | 230605s9999||||xx |||||||||||||| ||und|| | ||
| 017 | _a933 | ||
| 040 |
_aJO-AjNU _bara _erda _cJO-AjNU |
||
| 041 | _aara | ||
| 050 | 1 | 4 | _aT5113.A7F2 |
| 100 | 3 |
_aجبر، فلاح سعيد, _eauthor _940085 |
|
| 245 | 0 | 0 | _aالتكنولوجيا والصناعات التعدينية في الوطن العربي |
| 264 | 3 | 1 | _aالعراق:دار الرشيد،د.ت |
| 300 | _a162ص | ||
| 336 |
_atext _btxt _2rdacontent |
||
| 337 |
_aunmediated _bn _2rdamedia |
||
| 338 |
_avolume _bnc _2rdacarrier |
||
| 490 | 0 | _aالسلسلة العلمية5 | |
| 650 | 4 |
_aالتكنولوجيا-التعدين-الصناعة-الوطن العربي _940086 |
|
| 999 |
_aA16982 _c20550 _d20550 |
||